书目信息 |
| 题名: |
教学策略
|
|
| 作者: | 李晓文王莹 | |
| 分册: | ||
| 出版信息: | 北京 高等教育出版社 2000 |
|
| 页数: | 229 | |
| 开本: | 20cm | |
| 丛书名: | ||
| 单 册: | ||
| 中图分类: | C4 | |
| 科图分类: | ||
| 主题词: | 社会科学--教育 , 社会科学--普及教育 | |
| 电子资源: | ||
| ISBN: | 7-04-008554-2 | |
| 000 | 00542nam0 2200193 450 | |
| 001 | 0735257515 | |
| 005 | 20070904094737.51 | |
| 010 | @a7-04-008554-2 | |
| 100 | @a20070904d km y0chiy0120 ea | |
| 101 | 0 | @achi |
| 200 | 1 | @a教学策略@Ajiao xue ce lue@f李晓文王莹@Fli xiao wen wang ying |
| 210 | @a北京@c高等教育出版社@d2000 | |
| 215 | @a229@c12.90@d20cm | |
| 606 | 0 | @a社会科学@x教育 |
| 606 | 0 | @a社会科学@x普及教育 |
| 690 | @aC4@v3 | |
| 701 | 0 | @a李晓文王莹@Ali xiao wen wang ying |
| 801 | 0 | @aCN@bPFT@c20070904 |
| 905 | @a213230@dC4@ea11@f1 | |
| 教学策略/李晓文王莹.-北京:高等教育出版社,2000 |
| 229:12.90;20cm |
| ISBN 7-04-008554-2: |
| ● |
| 相关链接 |
|
|
|
|
正题名:教学策略
索取号:C4/a11
 
预约/预借
| 序号 | 登录号 | 条形码 | 馆藏地/架位号 | 状态 | 备注 |
| 1 | 7500906 | 275009063 | 密集书库-史法系/ [索取号:C4/a11] | 在馆 |